<?xml version="1.0" encoding="UTF-8"?>
<record
    xmlns:xsi="http://www.w3.org/2001/XMLSchema-instance"
    xsi:schemaLocation="http://www.loc.gov/MARC21/slim http://www.loc.gov/standards/marcxml/schema/MARC21slim.xsd"
    xmlns="http://www.loc.gov/MARC21/slim">

  <leader>05208nam a2200421 a 4500</leader>
  <controlfield tag="001">dia_4625</controlfield>
  <controlfield tag="003">CHAP</controlfield>
  <controlfield tag="005">20241028093710.0</controlfield>
  <controlfield tag="007">ta</controlfield>
  <controlfield tag="008">220117s2010    mx bdeofrm    001 0 spa d</controlfield>
  <datafield tag="010" ind1=" " ind2=" ">
    <subfield code="a">175293</subfield>
  </datafield>
  <datafield tag="040" ind1=" " ind2=" ">
    <subfield code="a">mxchpua</subfield>
    <subfield code="c">CHAP</subfield>
  </datafield>
  <datafield tag="041" ind1="0" ind2=" ">
    <subfield code="a">spa</subfield>
    <subfield code="b">eng</subfield>
  </datafield>
  <datafield tag="090" ind1=" " ind2=" ">
    <subfield code="a">Tesis </subfield>
    <subfield code="b">M462 </subfield>
    <subfield code="c">2010</subfield>
  </datafield>
  <datafield tag="100" ind1="1" ind2=" ">
    <subfield code="a">Mendoza Rodr&#xED;guez, Yareli Yazm&#xED;n</subfield>
  </datafield>
  <datafield tag="240" ind1="1" ind2="0">
    <subfield code="a">Feasibility study for technical-economic stablishment of packer factory of coconut (cocos nuc&#xED;fera l.) In the muncipaly of Tecpan of Galeana, Guerrero.</subfield>
    <subfield code="l">Espa&#xF1;ol</subfield>
  </datafield>
  <datafield tag="245" ind1="1" ind2="0">
    <subfield code="a">Estudio de factibilidad t&#xE9;cnico-economico para el establecimiento de una planta empacadora de coco fruta (Cocos nucifera L.) en el municipio de Teapan de Galeana, Guerrero /</subfield>
    <subfield code="c">Yareli Yazm&#xED;n Mendoza Rodriguez</subfield>
  </datafield>
  <datafield tag="264" ind1=" " ind2=" ">
    <subfield code="a">Chapingo, M&#xE9;xico :</subfield>
    <subfield code="b">El autor,</subfield>
    <subfield code="c">2010</subfield>
  </datafield>
  <datafield tag="300" ind1=" " ind2=" ">
    <subfield code="a">148 hojas :</subfield>
    <subfield code="b">ilustraciones, tablas, gr&#xE1;ficas, mapas, planos, fotos +</subfield>
    <subfield code="e">1 CD-ROM</subfield>
  </datafield>
  <datafield tag="336" ind1=" " ind2=" ">
    <subfield code="2">rdacontent</subfield>
    <subfield code="a">texto</subfield>
    <subfield code="b">txt</subfield>
  </datafield>
  <datafield tag="337" ind1=" " ind2=" ">
    <subfield code="2">rdamedia</subfield>
    <subfield code="a">no mediado</subfield>
    <subfield code="b">n</subfield>
  </datafield>
  <datafield tag="338" ind1=" " ind2=" ">
    <subfield code="2">rdacarrier</subfield>
    <subfield code="a">volumen</subfield>
    <subfield code="b">nc</subfield>
  </datafield>
  <datafield tag="502" ind1=" " ind2=" ">
    <subfield code="a">Formulaci&#xF3;n y Evaluaci&#xF3;n de Proyectos</subfield>
    <subfield code="b">(Ingeniero Agroindustrial) --</subfield>
    <subfield code="c">Clasificaci&#xF3;n Universidad Aut&#xF3;noma Chapingo</subfield>
    <subfield code="d">2010</subfield>
  </datafield>
  <datafield tag="504" ind1=" " ind2=" ">
    <subfield code="a">Bibliograf&#xED;a : hojas 123-127</subfield>
  </datafield>
  <datafield tag="505" ind1="0" ind2=" ">
    <subfield code="a">6 planos : --
1. Distribuci&#xF3;n de &#xE1;reas(Esc. 1:1) --
2. Plano de distribuci&#xF3;n de equipo (Esc. 1:1) --
3. Plano de recorrido (Esc. 1:1) --
4. Fachada de la empacadora --
5. Fachada pared noroeste --
6. Diagrama de tuber&#xED;a e instrumentaci&#xF3;n</subfield>
  </datafield>
  <datafield tag="520" ind1="3" ind2=" ">
    <subfield code="a">M&#xE9;xico se ubic&#xF3; dentro de los primeros diez pa&#xED;ses con mayor producci&#xF3;n de coco a nivel mundial, de acuerdo con estad&#xED;sticas de la FAO para 2007. Guerrero es el Estado que posee la mayor plantaci&#xF3;n de este cultivo en el pa&#xED;s, con una superficie de 150 mil ha aproximadamente. El aprovechamiento del coco no se realiza de forma integral, a pesar del potencial econ&#xF3;mico que posee tanto el fruto como sus diversos subproductos. El presente trabajo se realiz&#xF3; para un grupo de productores de coco de Tecpan de Galeana, que tienen el inter&#xE9;s de comercializar coco jimado en la regi&#xF3;n. En dicho proyecto se realiz&#xF3; un estudio de materia prima y de mercado a trav&#xE9;s de informaci&#xF3;n generada por encuestas en la regi&#xF3;n de Tecpan de Galeana, realizando la proyecci&#xF3;n de la oferta y la demanda, caracterizando la materia prima y producci&#xF3;n. Posteriormente se realiz&#xF3; una propuesta mercadol&#xF3;gica del producto, empaque, etiqueta y logo, as&#xED; como el precio de venta y promoci&#xF3;n del mismo. Se plante&#xF3; organizarse bajo una Uni&#xF3;n de Sociedades de Producci&#xF3;n Rural (U.S.P.R.) regida por la Ley Agraria. Se describieron las necesidades de personal, as&#xED; como el perfil requerido y la valuaci&#xF3;n de puestos. El lugar de instalaci&#xF3;n del proyecto fue elegido en una zona industrial de Tecpan de Galeana, ubicada en la localidad de los Tarros, con una capacidad de 18 toneladas semanales por turno. En el trabajo se describi&#xF3; el proceso de empaque de coco jimado as&#xED; como los requerimientos de maquinaria y equipo. En el an&#xE1;lisis financiero se identific&#xF3; que el comportamiento econ&#xF3;mico de la empresa, durante el tiempo de an&#xE1;lisis, se mostr&#xF3; con tendencia positiva, por lo tanto se concluye que el presente proyecto es factible t&#xE9;cnica y econ&#xF3;micamente.</subfield>
  </datafield>
  <datafield tag="520" ind1="3" ind2=" ">
    <subfield code="a">Mexico was inside of the firts tenth countries with more production in the worl according to FAO statistics for the year 2007. Guerrero is the state that has the biggest plantation of is crop in Mexico, with a surfface of 150,000 has approximately. The coconut use is not made in an integral way, despite the economic potential that the product and suproducts have. This study was made for a group of coconut producers in Tecpan of Galeana, they have a special interest in coconut&#xB4;s peel commercialization on their region. Also were made raw material and marketing studies were made with information generated by survey in Tecpan of Galeana, also was made the offer and demand proyection and the caracterization of the product, bearing, label, logo, sell, price and promotion was generated. The organization would be under an Uni&#xF3;n de Sociedades de Producci&#xF3;n Rural (U.S.P.R.) ruled by Mexican Agricultural Law. Job necessites, required profile and charge valuation were described. The stablishment place was designed to be in the industrial zone of Tecpan de Galeana located in &#x201C;Los Tarros&#x201D;, this has a capacity of 18 ton in the week for shift. In this study was described the packing process of peel coconut, machinery and equipment requirement. In the financial analysis was identified that the economic behavior of the factory shown a positive trend, so can be concluded that this project is technical and economic feasible.</subfield>
  </datafield>
  <datafield tag="650" ind1="1" ind2="3">
    <subfield code="a">Cocos nucifera  </subfield>
    <subfield code="2">atg</subfield>
    <subfield code="x">Plantas empacadoras</subfield>
  </datafield>
  <datafield tag="650" ind1="1" ind2="3">
    <subfield code="a">Cocos nucifera  </subfield>
    <subfield code="2">atg</subfield>
    <subfield code="x">Packing houses</subfield>
  </datafield>
  <datafield tag="700" ind1="1" ind2=" ">
    <subfield code="a">Szymanski Duque, Rosa Guadalupe</subfield>
    <subfield code="e">directora</subfield>
  </datafield>
  <datafield tag="700" ind1="1" ind2=" ">
    <subfield code="a">Ponce Hern&#xE1;ndez, Pedro</subfield>
    <subfield code="e">asesor</subfield>
  </datafield>
  <datafield tag="700" ind1="1" ind2=" ">
    <subfield code="a">Su&#xE1;rez Espinosa, Carlos</subfield>
    <subfield code="e">asesor</subfield>
  </datafield>
  <datafield tag="856" ind1=" " ind2=" ">
    <subfield code="y">DESCARGAR PDF</subfield>
  </datafield>
  <datafield tag="901" ind1=" " ind2=" ">
    <subfield code="a">TESIS M462 2010</subfield>
  </datafield>
  <datafield tag="902" ind1=" " ind2=" ">
    <subfield code="a">M</subfield>
  </datafield>
  <datafield tag="905" ind1=" " ind2=" ">
    <subfield code="a">0000002010                          MX A M 0000000000SPA00</subfield>
  </datafield>
  <datafield tag="942" ind1=" " ind2=" ">
    <subfield code="c">TESIS</subfield>
    <subfield code="2">Clasificaci&#xF3;n Universidad Aut&#xF3;noma Chapingo</subfield>
  </datafield>
  <datafield tag="999" ind1=" " ind2=" ">
    <subfield code="c">175293</subfield>
    <subfield code="d">175293</subfield>
  </datafield>
  <datafield tag="952" ind1=" " ind2=" ">
    <subfield code="0">0</subfield>
    <subfield code="1">0</subfield>
    <subfield code="2">local</subfield>
    <subfield code="4">0</subfield>
    <subfield code="5">5</subfield>
    <subfield code="7">0</subfield>
    <subfield code="8">TESIS</subfield>
    <subfield code="a">IA_</subfield>
    <subfield code="b">IA_</subfield>
    <subfield code="d">2024-11-05</subfield>
    <subfield code="e">El autor</subfield>
    <subfield code="l">1</subfield>
    <subfield code="o">Tesis M462 2010</subfield>
    <subfield code="p">1101013934</subfield>
    <subfield code="r">2026-02-02 00:00:00</subfield>
    <subfield code="s">2024-11-05</subfield>
    <subfield code="t">Ej.2</subfield>
    <subfield code="y">TESIS</subfield>
  </datafield>
  <datafield tag="952" ind1=" " ind2=" ">
    <subfield code="0">0</subfield>
    <subfield code="1">0</subfield>
    <subfield code="2">local</subfield>
    <subfield code="4">0</subfield>
    <subfield code="5">1</subfield>
    <subfield code="7">0</subfield>
    <subfield code="8">TESIS</subfield>
    <subfield code="a">IA_</subfield>
    <subfield code="b">IA_</subfield>
    <subfield code="d">2022-01-18</subfield>
    <subfield code="e">El autor</subfield>
    <subfield code="l">0</subfield>
    <subfield code="o">Tesis M462 2010</subfield>
    <subfield code="p">1101013933</subfield>
    <subfield code="r">2026-02-02 00:00:00</subfield>
    <subfield code="t">Ej.1</subfield>
    <subfield code="y">TESIS</subfield>
  </datafield>
  <datafield tag="952" ind1=" " ind2=" ">
    <subfield code="0">0</subfield>
    <subfield code="1">0</subfield>
    <subfield code="2">local</subfield>
    <subfield code="4">0</subfield>
    <subfield code="5">5</subfield>
    <subfield code="7">0</subfield>
    <subfield code="8">TESIS</subfield>
    <subfield code="a">IA_</subfield>
    <subfield code="b">IA_</subfield>
    <subfield code="d">2024-10-28</subfield>
    <subfield code="e">El autor</subfield>
    <subfield code="l">0</subfield>
    <subfield code="o">Tesis M462 2010</subfield>
    <subfield code="p">1101013935</subfield>
    <subfield code="r">2024-10-28 09:45:51</subfield>
    <subfield code="t">Ej.3</subfield>
    <subfield code="y">CD</subfield>
  </datafield>
  <datafield tag="952" ind1=" " ind2=" ">
    <subfield code="0">0</subfield>
    <subfield code="1">0</subfield>
    <subfield code="2">local</subfield>
    <subfield code="4">0</subfield>
    <subfield code="7">0</subfield>
    <subfield code="8">TesDigL</subfield>
    <subfield code="a">IA_</subfield>
    <subfield code="b">IA_</subfield>
    <subfield code="c">E_L</subfield>
    <subfield code="d">2024-10-28</subfield>
    <subfield code="e">El autor</subfield>
    <subfield code="l">0</subfield>
    <subfield code="p">1201013933</subfield>
    <subfield code="r">2024-10-28 09:46:53</subfield>
    <subfield code="y">TD</subfield>
  </datafield>
</record>
